UBT Library

POWER AND LEADERSHIP IN PLURALIST SYSTEMS (Record no. 35293)

000 -LEADER
fixed length control field 00279nam a22001217a 4500
008 - FIXED-LENGTH DATA ELEMENTS--GENERAL INFORMATION
fixed length control field 171021b xxu||||| |||| 00| 0 eng d
041 ## - LANGUAGE CODE
Language code of text/sound track or separate title eng
080 ## - UNIVERSAL DECIMAL CLASSIFICATION NUMBER
Universal Decimal Classification number 658
100 ## - Rafti
Rafti 54
101 ## - Shkurtesa
Shkurtesa lid
245 ## - TITLE STATEMENT
Title POWER AND LEADERSHIP IN PLURALIST SYSTEMS
Statement of responsibility, etc FARLAND
942 ## - ADDED ENTRY ELEMENTS (KOHA)
Source of classification or shelving scheme
Item type Books
Holdings
Withdrawn status Lost status Source of classification or shelving scheme Damaged status Not for loan Collection code Permanent location Current location Shelving location Date acquired Total Checkouts Full call number Barcode Date last seen Price effective from Koha item type
          Koleksioni i përgjithshem UBT - Lipjan UBT - Lipjan Koleksioni i përgjithshem 10/21/2017   658 FAR 002-2933776 10/21/2017 10/21/2017 Books
UBT Library © 2015-2024. All rights reserved University Education for Business and Technology